[Event "ESP-ch"]
[Site "Palencia"]
[Date "1999.08.22"]
[Round "4"]
[White "Teran Alvarez, Ismael"]
[Black "Cardenas Valero, Joaquin"]
[Result "1-0"]
[WhiteElo "2419"]
[BlackElo "2252"]

1.e4 c5 2.Nf3 Nc6 3.Nc3 g6 4.d4 cxd4 5.Nxd4 Bg7 6.Be3 d6 7.Qd2 Nf6 8.f3 a6
9.O-O-O Qc7 10.g3 h6 11.Kb1 b5 12.Nxc6 Qxc6 13.e5 Nd7 14.Bd3 d5 15.f4 Bb7
16.Ne2 e6 17.Nd4 Qc8 18.Rhf1 O-O 19.f5 Nxe5 20.Bxh6 Ng4 21.Bxg7 Kxg7 22.Qg5 Nh6
23.Nxe6+  1-0

[Event "Polanica Zdroj op"]
[Site "Polanica Zdroj"]
[Date "1999.08.23"]
[Round "7"]
[White "Zezulkin, Jurij"]
[Black "Agamaliev, Gamil"]
[Result "1/2-1/2"]
[WhiteElo "2478"]
[BlackElo "2478"]

1.e4 c5 2.Nf3 Nc6 3.Nc3 Nf6 4.Bb5 Nd4 5.e5 Nxb5 6.Nxb5 Nd5 7.Ng5 f5 8.O-O a6
9.Nc3 Nxc3 10.dxc3 e6 11.Re1 Qc7 12.Qf3 g6 13.Qg3 b6 14.Nh3 Bg7 15.Bg5 O-O
16.Be7 Re8 17.Bd6 Qc6 18.Nf4 Bb7 19.Qg5 Qc8 20.Rad1 Be4 21.h4 Qd8 22.Qg3 Kh8
23.f3 Bxc2 24.Rd2 Ba4 25.Nh3 Bh6 26.Ng5 Bxg5 27.hxg5 h5 28.gxh6 Kh7 29.f4 Kxh6
30.Kf2 Kg7 31.Rh1 Rh8 32.Rxh8 Qxh8 33.Qg5 Qh6 34.Qf6+ Kg8 35.Rd3 Bc6 36.Rh3 Qxf4+
37.Kg1 Qc1+ 38.Kh2 Qf4+  1/2-1/2

[Event "FRA-ch fin stage"]
[Site "Bescanon"]
[Date "1999.08.25"]
[Round "1.2"]
[White "Fressinet, Laurent"]
[Black "Koch, Jean Rene"]
[Result "1-0"]
[WhiteElo "2440"]
[BlackElo "2510"]

1.e4 c5 2.Nc3 Nc6 3.Nf3 d6 4.d4 cxd4 5.Nxd4 g6 6.Be3 Nf6 7.f3 Bg7 8.Qd2 O-O
9.O-O-O d5 10.Kb1 Nxd4 11.e5 Nxf3 12.gxf3 Nh5 13.Qxd5 Qc7 14.f4 Bg4 15.Rd4 Be6
16.Qg2 f6 17.Nd5 Qa5 18.Bc4 fxe5 19.fxe5 Kh8 20.Rhd1 Bg8 21.Bd2 Qa4 22.Bc3 Qc6
23.Qe2 a6 24.Bb3 Rae8 25.Rc4 Qe6 26.Rc7 Rd8 27.Rxe7 Nf4 28.Qe1 Qg4 29.Rxg7 Nxd5
30.Rxg8+ Kxg8 31.Bxd5+  1-0

[Event "Polanica Zdroj op"]
[Site "Polanica Zdroj"]
[Date "1999.08.25"]
[Round "10"]
[White "Swicarz, Maciej"]
[Black "Richter, Michael"]
[Result "0-1"]
[WhiteElo "2134"]
[BlackElo "2410"]

1.e4 c5 2.Nf3 Nc6 3.Nc3 e5 4.Bc4 d6 5.O-O Be7 6.d3 Nf6 7.Ng5 O-O 8.f4 Nd4
9.fxe5 dxe5 10.h3 h6 11.Nf3 Qd6 12.Nd5 Nxd5 13.Bxd5 Be6 14.c4 Bxd5 15.exd5 Rae8
16.Re1 Bd8 17.a3 f5 18.Nxd4 cxd4 19.Bd2 a5 20.b4 e4 21.bxa5 Bc7  0-1

[Event "Abu Dhabi Masters op"]
[Site "Abu Dhabi"]
[Date "1999.08.28"]
[Round "7"]
[White "Iuldachev, Saidali"]
[Black "Yurtaev, Leonid"]
[Result "1-0"]
[WhiteElo "2491"]
[BlackElo "2539"]

1.e4 c5 2.Nc3 Nc6 3.Nf3 g6 4.d4 cxd4 5.Nxd4 Bg7 6.Nb3 Nf6 7.Bc4 O-O 8.O-O d6
9.Re1 b6 10.Nd5 Bb7 11.c3 e6 12.Nxf6+ Bxf6 13.Bh6 Re8 14.Qd2 g5 15.f4 gxf4
16.Bxf4 Kh8 17.Qxd6 Rg8 18.Rad1 Qxd6 19.Bxd6 Rad8 20.Bb5 Ne5 21.Bxe5 Bxe5
22.Nd4 a6 23.Bf1 Bf4 24.Rd3 b5 25.Nf3 Rxd3 26.Bxd3 Rd8 27.Bc2 Bd2 28.Rb1 Bf4
29.Kf2 Kg7 30.Ke2 Rc8 31.a3 Kf6 32.g3 Bb8 33.Rf1 Ke7 34.Ng5 f6 35.Nf3 h5
36.Nd4 Rc5 37.Nf3 Bc7 38.Bd3 Bb6 39.Ra1 Bc6 40.Rc1 a5 41.b4  1-0

[Event "Coulsden op"]
[Site "Coulsden"]
[Date "1999.08.28"]
[Round "1"]
[White "Osborne, Marcus E"]
[Black "Huberty, Marc"]
[Result "1-0"]
[WhiteElo "2239"]
[BlackElo "2220"]

1.e4 c5 2.Nc3 Nc6 3.Bb5 Nd4 4.Nf3 Nxb5 5.Nxb5 a6 6.Nc3 d6 7.d4 cxd4 8.Qxd4 Nf6
9.Bg5 e6 10.O-O-O h6 11.Bf4 Bd7 12.Bxd6 Bxd6 13.Qxd6 Bc6 14.Qg3 Qe7 15.Qxg7 Rg8
16.Qxh6 Nxe4 17.Nxe4 Bxe4 18.Qe3 Bxf3 19.gxf3 Rc8 20.h4 Qc5 21.Qd3 Rh8 22.Rhg1 Kf8
23.Rg5 Qc7 24.Rdg1 Ke7 25.h5 Qd6 26.Qe4 Rhd8 27.a3 Rc7 28.Rg7 Qd2+ 29.Kb1 Rd4
30.Rxf7+ Kd6 31.Qh7 Rxf7 32.Qxf7 Qxf2 33.Qf8+ Kc6 34.Qc8+ Kb6 35.Rg6 Rd1+
36.Ka2 Ka7 37.Rg7 Qb6 38.h6 Rh1 39.h7 Qb5 40.c4  1-0

[Event "Coulsden op"]
[Site "Coulsden"]
[Date "1999.08.28"]
[Round "1"]
[White "Lilja, Richard"]
[Black "Buckley, Graeme"]
[Result "1/2-1/2"]
[WhiteElo "2121"]
[BlackElo "2320"]

1.e4 c5 2.Nc3 Nc6 3.Bb5 Nd4 4.Bc4 Nf6 5.Nf3 e6 6.O-O a6 7.d3 b5 8.Bb3 Nxb3
9.axb3 Bb7 10.Bg5 d6 11.Nd2 Be7 12.Qe1 h6 13.Bh4 g5 14.Bg3 h5 15.e5 h4 16.exf6 Bxf6
17.Bxd6 Qxd6 18.Nde4 Qe7 19.Nxf6+ Qxf6 20.Qe3 Qd4 21.Qxg5 Rd8 22.Rfe1 Kf8
23.Ne4 Rg8 24.Qxh4 Rd5 25.Qf6 Re5 26.Qh6+ Ke7 27.Qh4+ Kf8 28.Qh6+  1/2-1/2

[Event "Pyramiden Franken Cup"]
[Site "Fuerth"]
[Date "1999.08.28"]
[Round "8"]
[White "Steffens, Olaf"]
[Black "Handke, Florian"]
[Result "0-1"]
[WhiteElo "2287"]
[BlackElo "2361"]

1.e4 c5 2.Ne2 Nc6 3.Nbc3 Nf6 4.g3 d5 5.exd5 Nd4 6.Bg2 Bg4 7.h3 Bf3 8.Bxf3 Nxf3+
9.Kf1 Nxd5 10.Nf4 Nxf4 11.Qxf3 Ne6 12.Qxb7 Nd4 13.d3 e6 14.Bg5 f6 15.Bf4 Be7
16.Rc1 O-O 17.Kg2 g5 18.Be3 Rb8 19.Qa6 Rb6 20.Qc4 Qa8+ 21.Ne4 f5 22.Bxd4 cxd4
23.Rhe1 fxe4 24.Rxe4 Qc6 25.Qxc6 Rxc6 26.Rxd4 Bc5 27.Rc4 Rxf2+ 28.Kh1 Rc7
29.Re1 Bd6 30.Rxe6 Rcf7 31.h4 Rf1+ 32.Kg2 R7f2+ 33.Kh3 h5  0-1

[Event "Coulsden op"]
[Site "Coulsden"]
[Date "1999.09.03"]
[Round "6"]
[White "Huberty, Marc"]
[Black "Thurlow, Kevin J"]
[Result "1/2-1/2"]
[WhiteElo "2220"]
[BlackElo "2221"]

1.e4 c5 2.Nc3 Nc6 3.Nge2 e6 4.g3 Nf6 5.Bg2 d5 6.exd5 Nxd5 7.Nxd5 exd5 8.O-O Be7
9.d4 Be6 10.dxc5 Bxc5 11.Nf4 Qd7 12.Nxd5 O-O-O 13.c4 Bg4 14.Qa4 h5 15.b4 Nxb4
16.Nb6+ Bxb6 17.Qxb4 Qd6 18.Qb3 Qd3 19.Qb5 Qd7 20.Bf4 f6 21.Rab1 g5 22.Be3 Qxb5
23.Rxb5 Bxe3 24.Bxb7+ Kc7 25.fxe3 Bd7 26.Rb3 Rhf8 27.Bf3 Bc6 28.Bxh5 Rd2
29.Rf2 Rfd8 30.Rb2 Rxb2 31.Rxb2 f5 32.Be2 Be4 33.Kf2 g4 34.Ke1 Kc6 35.Rd2 Rh8
36.Bd3 Bxd3 37.Rxd3 Rxh2 38.Rd5 Rxa2 39.Rxf5 Rg2 40.Rg5 Rxg3 41.Ke2 a6 42.Kd3 Rg1
43.Rg6+ Kb7 44.Ke2  1/2-1/2

[Event "EU-ch U18 Girls"]
[Site "Litohoto"]
[Date "1999.09.03"]
[Round "1"]
[White "Gomez Cabrero, Lopez Maria"]
[Black "Kovalevskaya, N."]
[Result "1-0"]
[WhiteElo "2139"]
[BlackElo "2078"]

1.e4 c5 2.Nc3 Nc6 3.Nf3 d6 4.d4 cxd4 5.Nxd4 Nf6 6.f3 a6 7.Be3 e6 8.Qd2 Qc7
9.O-O-O Be7 10.g4 Na5 11.Kb1 Nc4 12.Bxc4 Qxc4 13.h4 b5 14.g5 Nd7 15.h5 Ne5
16.f4 Ng4 17.Bg1 e5 18.fxe5 dxe5 19.b3 Qc7 20.Nd5 Qb7 21.Nf5 Bxf5 22.exf5 O-O-O
23.Bb6 Rxd5 24.Qxd5 Qxb6 25.Qd7+ Kb8 26.Qxe7 Ne3 27.Qxe5+ Ka8 28.Rde1 Nxc2
29.Qe4+ Kb8 30.Kxc2 Rc8+ 31.Kb2 Qf2+ 32.Re2 Qb6 33.Qe5+ Ka8 34.Qxg7 Qc6 35.Rhe1 Qf3
36.Qf6 Qd3 37.g6 fxg6 38.hxg6 hxg6 39.fxg6 Qd5 40.g7 Qd3 41.Qxa6+ Kb8 42.Qxc8+  1-0

[Event "POR-ch"]
[Site "Lisbon"]
[Date "1999.09.05"]
[Round "11"]
[White "Henriques, Sofia"]
[Black "Rodrigues, Nuno"]
[Result "1/2-1/2"]
[WhiteElo "2018"]
[BlackElo "2141"]

1.e4 c5 2.Nf3 Nc6 3.Nc3 e5 4.Bc4 d6 5.O-O h6 6.d3 Nf6 7.Nd2 Be7 8.f4 exf4
9.Rxf4 Be6 10.Nd5 O-O 11.Nf1 Nh7 12.Nfe3 Bg5 13.Rf2 a6 14.a4 Rb8 15.Bd2 b5
16.axb5 axb5 17.Bb3 Kh8 18.c3 g6 19.Qe2 Qd7 20.Raf1 c4 21.Bc2 cxd3 22.Bxd3 Ne5
23.Bb1 Kg7 24.Nc2 Bg4 25.Rf3 Nxf3+ 26.gxf3 Bh3 27.Rd1 Be6 28.Be3 Bxd5 29.Rxd5 Bxe3+
30.Nxe3 Nf6 31.Rd1 Qc6 32.Qd2 Qc5 33.Kh1 Rfd8 34.Rg1 Qh5 35.Rg3 d5 36.e5 Ng8
37.e6 Ne7 38.Qd4+ f6 39.Qa7 Kf8 40.Bxg6 Qe5 41.Bf5 Re8 42.f4 Qd6 43.Qd4 Ng8
44.Nxd5 Rbd8 45.Rxg8+ Kxg8 46.Nxf6+ Kf8 47.Qxd6+ Rxd6 48.Nxe8 Kxe8 49.b4 Rc6
50.Bd3 Rxc3 51.Bxb5+ Ke7 52.Bd7 Rc4 53.b5 Rxf4 54.Kg2 Rb4 55.Kg3 Kd6 56.h4 h5
57.Be8  1/2-1/2

[Event "EU-ch U18 Girls"]
[Site "Litohoto"]
[Date "1999.09.06"]
[Round "4"]
[White "Gomez Cabrero, Lopez Maria"]
[Black "Kaps, Darja"]
[Result "1-0"]
[WhiteElo "2139"]
[BlackElo "2202"]

1.e4 c5 2.Nc3 Nc6 3.Nf3 e5 4.Bc4 d6 5.d3 Be7 6.O-O Bg4 7.h3 Bh5 8.Nd5 Nf6
9.c3 O-O 10.Bb3 Nxd5 11.Bxd5 Kh8 12.Be3 Qc8 13.g4 Bg6 14.Kh1 h5 15.Rg1 Nd8
16.Rg2 Ne6 17.Qg1 Nc7 18.c4 Nxd5 19.cxd5 b5 20.b3 Qd7 21.Rc1 Rac8 22.Nd2 Rc7
23.Kh2 Bf6 24.Qd1 hxg4 25.hxg4 Rfc8 26.Kg3 Kg8 27.Qh1 Be7 28.g5 f5 29.gxf6 Bxf6
30.Kf3 Qf7 31.Ke2 Kf8 32.Rcg1 Bh5+ 33.f3 Ke7 34.Bg5 g6 35.Be3 Rf8 36.Rg3 Kd8
37.Rc1 a5 38.a3 Be7 39.b4 axb4 40.axb4 Rh8 41.Qg1 Kd7 42.bxc5 dxc5 43.Bxc5 Rhc8
44.Nb3 Bh4 45.Rh3 Ra8 46.Ra1 Rac8 47.Qe3 Qf6 48.d4 Bg5 49.Qd3 Ke8 50.Qxb5+ Kf7
51.d6 Qf4 52.dxc7 Qe3+ 53.Kf1 Rxc7 54.Qc4+ Kg7 55.Bf8+ Kxf8 56.Ra8+ Kg7 57.Qxc7+ Be7
58.Qxe7+  1-0

[Event "Artek olJ"]
[Site "Artek"]
[Date "1999.09.10"]
[Round "1"]
[White "Gajewski, Grzegorz"]
[Black "Son, O."]
[Result "0-1"]
[WhiteElo "2127"]
[BlackElo "2037"]

1.e4 c5 2.Nf3 Nc6 3.Nc3 e5 4.Bc4 Be7 5.d3 Nf6 6.Nd2 d6 7.Nf1 Bg4 8.Qd2 Nd4
9.Ne3 Be6 10.O-O O-O 11.a3 Qd7 12.Ncd5 b5 13.Ba2 Nh5 14.Nxe7+ Qxe7 15.Nd5 Bxd5
16.Bxd5 Nf4 17.Kh1 Nxd5 18.exd5 Qb7 19.Qd1 Qxd5 20.Be3 f5 21.f4 Rae8 22.a4 exf4
23.Bxd4 Qxd4 24.axb5 Qxb2 25.Rxa7 Qxb5 26.Rxf4 Re6 27.Qa1 Qb2 28.Qf1 h6 29.h3 Rfe8
30.Qf3 Re1+ 31.Kh2 Qe5 32.Qg3 Re3 33.Rf3 Rxf3 34.Qxe5 Rxh3+ 35.Kxh3 Rxe5
36.Rd7 d5 37.Kh4 d4 38.Kh5 Re2 39.g3 Kh7 40.Rd8 Rxc2 41.g4 Rh2+  0-1

[Event "Artek olJ"]
[Site "Artek"]
[Date "1999.09.10"]
[Round "1"]
[White "Rodionov, Adil"]
[Black "Eljanov, Pavel"]
[Result "0-1"]
[WhiteElo "2256"]
[BlackElo "2447"]

1.e4 c5 2.Nf3 Nc6 3.Nc3 e5 4.Bc4 d6 5.d3 Be7 6.Ng5 Bxg5 7.Qh5 Be7 8.Qxf7+ Kd7
9.Qxg7 Nf6 10.Be3 Nd4 11.O-O-O Qf8 12.Qg3 a6 13.f4 b5 14.fxe5 dxe5 15.Bb3 Nxb3+
16.axb3 Qg8 17.Qxe5 Ng4 18.Qf5+ Kd8 19.Qd5+ Qxd5 20.Nxd5 Nxe3 21.Nxe3 Bg5
22.Kd2 Bg4 23.Rdf1 Ke7 24.h3 Be6 25.Ke2 Rhf8 26.g4 Bf6 27.Nd1 Rf7 28.Rf3 Raf8
29.Nc3 Bd4 30.Rxf7+ Rxf7 31.Nd1 Rf8 32.Rh2 a5  0-1

[Event "POR-ch"]
[Site "Lisbon"]
[Date "1999.09.10"]
[Round "3"]
[White "Ribeiro, F."]
[Black "Morais, Vitor"]
[Result "1-0"]
[WhiteElo "2217"]
[BlackElo "2067"]

1.e4 c5 2.Nf3 Nc6 3.Nc3 g6 4.Bb5 Bg7 5.O-O e6 6.Bxc6 bxc6 7.e5 f5 8.d3 Nh6
9.Na4 Nf7 10.Re1 Qa5 11.c4 O-O 12.Bd2 Qc7 13.Qe2 Re8 14.Nxc5 Nxe5 15.Nxe5 d6
16.d4 dxc5 17.dxc5 Ba6 18.Bc3 Rad8 19.b4 Bb7 20.Rac1 Bf6 21.f4 Qg7 22.Red1 g5
23.Rxd8 Rxd8 24.Nxc6 Re8 25.Bxf6 Qxf6 26.Nxa7 Be4 27.fxg5 Qxg5 28.Rc3 Kh8
29.h4 Qxh4 30.Rh3 Qg5 31.Qb2+ e5 32.Nb5 Rg8 33.Nd6 Rg7 34.Nxe4 fxe4 35.Qe2 Qc1+
36.Qf1 Qd2 37.Ra3 Qd4+ 38.Kh2 Qd8 39.Qf5 Qh4+ 40.Kg1 Qf4 41.Ra8+ Rg8 42.Qxf4 exf4
43.Rxg8+ Kxg8 44.c6  1-0

[Event "EU-ch U16 Girls"]
[Site "Litohoto"]
[Date "1999.09.10"]
[Round "8"]
[White "Gara, Ticia"]
[Black "Stiri, Alexandra"]
[Result "1/2-1/2"]
[WhiteElo "2233"]
[BlackElo "2041"]

1.e4 c5 2.Nc3 Nc6 3.Nf3 e5 4.Bc4 g6 5.d3 h6 6.O-O Bg7 7.Be3 d6 8.Nd2 Nge7
9.f4 O-O 10.Nf3 exf4 11.Bxf4 Be6 12.Nd5 Bxd5 13.Bxd5 Nxd5 14.exd5 Ne7 15.c4 g5
16.Be3 f5 17.d4 f4 18.Bf2 b6 19.dxc5 bxc5 20.Rb1 Nf5 21.Qd3 g4 22.Nd2 Ne3
23.Rfe1 Qg5 24.g3 fxg3 25.Bxe3 gxh2+ 26.Kh1 Qh4 27.Qe2 g3 28.Qg2 Rae8 29.Nf1 Be5
30.b3 h5 31.Qc2 Qg4 32.Qg2 Kh8 33.Re2 h4 34.Nxh2 Qh5 35.Ree1 h3 36.Qe2 Qxe2
37.Rxe2 gxh2 38.Rbe1 Rg8 39.Bf2 Rg5 40.Re3 Rf8 41.Rxh3+ Kg8 42.Be3 Rgf5 43.Kg2 R8f7
44.a3 Rg7+ 45.Kh1 Rgf7 46.Kg2 Rg7+ 47.Kh1  1/2-1/2

[Event "KGSRL Masters 2nd"]
[Site "Gent"]
[Date "1999.09.11"]
[Round "8"]
[White "Afek, Yochanan"]
[Black "Vanderstricht, Geert"]
[Result "1-0"]
[WhiteElo "2360"]
[BlackElo "2443"]

1.e4 c5 2.Nc3 Nc6 3.Nge2 g6 4.d4 cxd4 5.Nxd4 Bg7 6.Nb3 Nf6 7.Be2 O-O 8.O-O d6
9.Kh1 Be6 10.Bg5 Na5 11.Nd5 Bxd5 12.exd5 Ne4 13.Bc1 Qc7 14.c3 Nf6 15.f4 Rfc8
16.Bf3 Nxb3 17.axb3 a5 18.Qe2 Re8 19.Be3 Nd7 20.Qb5 Ra6 21.Bg4 Rd8 22.Bxd7 Rxd7
23.Ra4 Rd8 24.Rc4 Qd7 25.Qxd7 Rxd7 26.Rc8+ Bf8 27.f5 Kg7 28.Rf3 a4 29.g4 axb3
30.f6+ exf6 31.Bd4 Ra1+ 32.Kg2 Rb1 33.Bxf6+ Kg8 34.Re3 Rxb2+ 35.Kg3 g5 36.Rce8 h6
37.Rxf8+ Kh7 38.Rg8  1-0

[Event "KGSRL Masters 2nd"]
[Site "Gent"]
[Date "1999.09.11"]
[Round "8"]
[White "De Wit, Michel"]
[Black "De Wit, Dick"]
[Result "1/2-1/2"]
[WhiteElo "2330"]
[BlackElo "2242"]

1.e4 c5 2.Nc3 Nc6 3.Nge2 g6 4.d4 cxd4 5.Nxd4 Bg7 6.Nb3 Nf6 7.Be2 d6 8.O-O O-O
9.Kh1 Be6 10.f4 Qc8  1/2-1/2

[Event "CRO-chT"]
[Site "Pula"]
[Date "1999.09.12"]
[Round "4"]
[White "Arapovic, Vitomir"]
[Black "Gyorkos, Lajos"]
[Result "1/2-1/2"]
[WhiteElo "2430"]
[BlackElo "2424"]

1.e4 c5 2.Nc3 Nc6 3.Nf3 g6 4.Bb5 Bg7 5.O-O Nf6 6.e5 Ng4 7.Bxc6 dxc6 8.Re1 Nh6
9.Ne4 b6 10.Nf6+ Kf8 11.Ne4 Bg4 12.Neg5 f6 13.h3 Bf5 14.exf6 exf6 15.Ne4 Nf7
16.Ng3 Bd7 17.a4 f5 18.a5 Bf6 19.d3  1/2-1/2

[Event "Artek olJ"]
[Site "Artek"]
[Date "1999.09.18"]
[Round "7"]
[White "Sepman, Yelius"]
[Black "Pareshishvili, Giorgi"]
[Result "0-1"]
[WhiteElo "2225"]
[BlackElo "2272"]

1.e4 c5 2.Nc3 Nc6 3.Nf3 d6 4.d4 cxd4 5.Nxd4 Nf6 6.Be2 e6 7.O-O Be7 8.Kh1 O-O
9.f4 Qc7 10.Be3 a6 11.a4 Re8 12.Nb3 b6 13.Qe1 Rb8 14.Qg3 Kh8 15.Bd3 Nd7 16.Qh3 Nb4
17.Qh5 Nf6 18.Qe2 e5 19.f5 d5 20.exd5 Bb7 21.Nd2 Nfxd5 22.Nxd5 Bxd5 23.Bc4 Bxc4
24.Nxc4 b5 25.axb5 axb5 26.Na3 Qc6 27.c3 Nd5 28.Nc2 f6 29.Rad1 Red8 30.Qf3 b4
31.cxb4 Bxb4 32.Rc1 Qb5 33.Rfd1 Be7 34.Ba7 Rbc8 35.Bg1 Qxb2 36.Ne3 Nxe3 37.Bxe3  0-1

[Event "CRO-chT"]
[Site "Pula"]
[Date "1999.09.18"]
[Round "9"]
[White "Kristovic, Marijan"]
[Black "Mufic, Goran"]
[Result "1/2-1/2"]
[WhiteElo "2315"]
[BlackElo "2363"]

1.e4 c5 2.Nf3 Nc6 3.Nc3 g6 4.h4 h6 5.d4 cxd4 6.Nxd4 Bg7 7.Be3 Nf6 8.Qd2 d5
9.Bb5 Qd7 10.exd5 Nxd5 11.Nxd5 Qxd5 12.Nxc6 Qxd2+ 13.Kxd2 a6 14.Nxe7+ Kxe7
15.Bc5+ Kd8 16.Bb6+ Ke7 17.Rhe1+ Be6 18.Bc4 Bxb2 19.Bxe6 fxe6 20.Rab1 Ba3
21.Bd4 Rhb8 22.Rb6 Bd6 23.c4 Rd8 24.Rxb7+ Rd7 25.Rxd7+ Kxd7 26.Rb1 Bc7 27.Kd3 Rf8
28.Be3 Rf5 29.c5 h5 30.a4 Kc6 31.g3 Rf8 32.Ke4 Rf5 33.Rc1 Rf8 34.Rc4 Rf5
35.Bd4 Rf8 36.f4 Rb8 37.Be5 Bxe5 38.fxe5 a5 39.Kf3 Rb3+ 40.Kf4 Rd3 41.Rc1 Rd4+
42.Kg5 Rxa4 43.Kf6 Ra3 44.g4 hxg4 45.Kxg6 Rh3 46.Kg5 a4 47.Kxg4 Rh2 48.Kg3 Re2
49.h5 Rxe5 50.Kg4 Re2 51.Rc3 Rh2 52.Kg5 e5 53.h6 e4 54.Kg6 Rg2+ 55.Kf6 Rh2
56.Kg5 e3 57.Rxe3 Kxc5 58.Re5+ Kb4 59.Re4+ Kb3 60.Rh4 Rg2+  1/2-1/2

[Event "Wch U20"]
[Site "Yerevan"]
[Date "1999.09.21"]
[Round "4"]
[White "Naumann, Alexander"]
[Black "Mallahi, Amir"]
[Result "1-0"]
[WhiteElo "2478"]
[BlackElo "2317"]

1.e4 c5 2.Nf3 Nc6 3.Nc3 Nf6 4.Bb5 Nd4 5.e5 Nxb5 6.Nxb5 Nd5 7.Ng5 f6 8.Qf3 Nc7
9.exf6 exf6 10.Qe4+ Ne6 11.Nxh7 d5 12.Qg6+ Ke7 13.O-O a6 14.Nc3 Nf4 15.Re1+ Kd6
16.Qg3 Rxh7 17.Nxd5 Kxd5 18.Qf3+ Kd6 19.Qxf4+ Kc6 20.Qe4+ Qd5 21.Qxh7 Bf5
22.Qh5 Bxc2 23.Qxd5+ Kxd5 24.b3 a5 25.Bb2 a4 26.bxa4 Rxa4 27.Re8 Bd6 28.Rg8 Rb4
29.Bc3 Rh4 30.g3 Rh7 31.a4 Kc6 32.a5 Bb3 33.a6 bxa6 34.Rxa6+ Kb5 35.Ra5+ Kc4
36.Ra7 Rh5 37.Rgxg7 Be5 38.Bxe5 Rxe5 39.Rge7 Rd5 40.Rad7  1-0

[Event "Donne Haas mem"]
[Site "Bonnevoie"]
[Date "1999.09.26"]
[Round "9"]
[White "Berend, Fred"]
[Black "Jansa, Vlastimil"]
[Result "0-1"]
[WhiteElo "2367"]
[BlackElo "2442"]

1.e4 c5 2.Nc3 Nc6 3.Nf3 d6 4.d4 cxd4 5.Nxd4 Nf6 6.Bg5 e6 7.Qd2 a6 8.O-O-O h6
9.Bf4 Bd7 10.Nxc6 Bxc6 11.Bxd6 Bxd6 12.Qxd6 Qxd6 13.Rxd6 Bxe4 14.Rd4 Bc6
15.f3 Ke7 16.Be2 g5 17.b4 h5 18.Kb2 Rad8 19.Rhd1 Rxd4 20.Rxd4 g4 21.a4 gxf3
22.gxf3 Rg8 23.b5 axb5 24.axb5 Bd7 25.f4 h4 26.Bf3 b6 27.Kb3 h3 28.Kb4 Rg1
29.Rd3 Rf1 30.Na4 Rf2 31.c4 Rxh2 32.Bb7 Rf2 33.Rxh3 Rxf4 34.Nxb6 e5 35.Rh6 Be6
36.Kc5 Nd7+ 37.Nxd7 Rxc4+ 38.Kb6 Kxd7 39.Bc6+ Kd6 40.Rh8 f5 41.Rd8+ Ke7 42.Kc7 e4
43.Re8+ Kf7 44.Rh8 e3 45.Rh2 Kf6 46.b6 Bd5 47.Rh6+ Kg5 48.b7 Rb4 49.Rh2 Bxc6
50.Kxc6 f4 51.Ra2 Rxb7 52.Kxb7 f3  0-1

[Event "Wch U20"]
[Site "Yerevan"]
[Date "1999.09.27"]
[Round "10"]
[White "Blehm, Pawel"]
[Black "Gershon, Alik"]
[Result "1-0"]
[WhiteElo "2479"]
[BlackElo "2492"]

1.e4 c5 2.Nf3 Nc6 3.Nc3 e5 4.Bc4 d6 5.d3 Be7 6.Nd2 Nf6 7.Nf1 Bg4 8.f3 Be6
9.Ne3 O-O 10.O-O Ne8 11.f4 exf4 12.Rxf4 Bg5 13.Rf1 Nc7 14.Ned5 Bxc1 15.Rxc1 Ne7
16.Nxc7 Qxc7 17.Qh5 Ng6 18.Rf2 Qb6 19.Bb3 Ne5 20.Nd5 Bxd5 21.Bxd5 g6 22.Qg5 Qxb2
23.Rcf1 Qb6 24.h4 c4 25.dxc4 Qd8 26.Rf6 Kg7 27.c5 h6 28.Qf4 Qd7 29.cxd6 Rae8
30.c4 b6 31.Kh1 h5 32.Qg3 Qg4 33.Qf2 Qd7 34.c5 bxc5 35.Qxc5 Qg4 36.Qf2 Kh6
37.Kg1 Qd7 38.Qd2+ Kg7 39.Qd4 Kh6 40.Bb3 Qg4 41.Ba4 Re6 42.Qe3+ Kh7 43.R6f4 Nc4
44.Qc3  1-0

[Event "Wch U20"]
[Site "Yerevan"]
[Date "1999.09.28"]
[Round "11"]
[White "Korstin, Maris"]
[Black "Brulic, Denis"]
[Result "1/2-1/2"]
[WhiteElo "2201"]
[BlackElo "2121"]

1.e4 c5 2.Nf3 Nc6 3.Nc3 d6 4.d4 cxd4 5.Nxd4 Nf6 6.Be3 Ng4 7.Bb5 Nxe3 8.fxe3 Bd7
9.O-O e6 10.Bxc6 bxc6 11.Qf3 Qe7 12.e5 d5 13.Rf2 g6 14.Raf1 Bg7 15.Qg3 O-O
16.Rf6 Rab8 17.Nd1 c5 18.Nb3 Bb5 19.R1f2 Qc7 20.h4 Bxf6 21.Rxf6 Ba4 22.Nf2 Bxb3
23.axb3 Kh8 24.Qg5 Rg8 25.Ng4 Rg7 26.Rf3 c4 27.Nf6 cxb3 28.c3 Rbg8 29.Kh1 a5
30.Rf4 Qa7 31.Nxg8 Rxg8 32.Rg4 Re8 33.h5 Qe7 34.Qh6 Qf8 35.Qf4 Qg7 36.Qa4 Rg8
37.Qxb3 Qxe5 38.Ra4 Qxe3 39.Rxa5 Qe1+ 40.Kh2 Qh4+ 41.Kg1 Qe1+ 42.Kh2 gxh5
43.Qc2 Qg3+ 44.Kh1 h4 45.Ra1 h3 46.Qd2 hxg2+ 47.Kg1 e5 48.Qh6 Qg6 49.Qxg6 Rxg6
50.Rd1 Rb6 51.Rxd5 Rxb2 52.Rxe5 Kg7 53.c4 Rc2 54.c5 Kg6 55.c6 f5 56.c7 h5
57.Re8 Rxc7 58.Kxg2 Kg5 59.Ra8 Kg4 60.Rg8+ Kf4 61.Rh8 Rc2+ 62.Kh3 Rc3+ 63.Kg2 Rg3+
64.Kf2 Rg5 65.Ra8 Kg4 66.Rh8 h4 67.Kg2 Rg6 68.Kh2 Ra6 69.Rg8+ Kf3 70.Rb8 Ra2+
71.Kh3 Re2 72.Kxh4 f4 73.Kh3 Kf2 74.Kh2 f3 75.Rb1 Ra2 76.Rb3 Kf1+ 77.Kg3 f2
78.Rb1+ Ke2 79.Kg2 Rd2 80.Rf1 Rd8  1/2-1/2

[Event "Tatry op"]
[Site "Tatranska Lomnica"]
[Date "1999.10.04"]
[Round "3"]
[White "Walek, Milan"]
[Black "Zambor, Norbert"]
[Result "1-0"]
[WhiteElo "2343"]
[BlackElo "2192"]

1.e4 c5 2.Nf3 Nc6 3.Nc3 Nf6 4.d4 cxd4 5.Nxd4 e5 6.Ndb5 d6 7.Bg5 h6 8.Na3 b5
9.Bxf6 gxf6 10.Nd5 f5 11.exf5 Bxf5 12.c3 Bg7 13.Nc2 Be6 14.Nce3 Ne7 15.g3 Nxd5
16.Nxd5 O-O 17.Bg2 Rb8 18.O-O a5 19.a3 Kh8 20.Qh5 Qd7 21.Nf6  1-0

[Event "Tatry op"]
[Site "Tatranska Lomnica"]
[Date "1999.10.04"]
[Round "3"]
[White "Taborsky, Rostislav"]
[Black "Kovalev, Andrei"]
[Result "0-1"]
[WhiteElo "2207"]
[BlackElo "2400"]

1.e4 c5 2.Nf3 Nc6 3.Nc3 d6 4.d4 cxd4 5.Nxd4 Nf6 6.g3 Bg4 7.f3 Bd7 8.Be3 e6
9.g4 a6 10.g5 Nh5 11.Qd2 Be7 12.Rg1 b5 13.O-O-O Rc8 14.Kb1 Ne5 15.Bd3 g6
16.f4 Nxd3 17.cxd3 b4 18.Nce2 e5 19.Nf3 Be6 20.b3 exf4 21.Bd4 O-O 22.Nxf4 Nxf4
23.Qxf4 a5 24.Bf6 a4 25.Nd4 axb3 26.axb3 Rc3 27.Kb2 Qc7 28.Bxe7 Rxb3+ 29.Nxb3 Qc3+
30.Kb1 Qxb3+  0-1

[Event "Tatry op"]
[Site "Tatranska Lomnica"]
[Date "1999.10.04"]
[Round "3"]
[White "Sikora Lerch, Jan"]
[Black "Skreno, Vladimir"]
[Result "1-0"]
[WhiteElo "2382"]
[BlackElo "2165"]

1.e4 c5 2.Nc3 Nc6 3.Nge2 g6 4.d4 cxd4 5.Nxd4 Bg7 6.Nb3 d6 7.Be2 Nf6 8.O-O O-O
9.Kh1 Bd7 10.Bg5 Ne5 11.f4 Neg4 12.Qd2 Nh5 13.Bxg4 Bxg4 14.f5 Qd7 15.Nd4 e5
16.f6 Bxf6 17.Bxf6 Nxf6 18.Rxf6 exd4 19.Qxd4 Be6 20.Rd1 Rfd8 21.Nd5 Bxd5
22.Qxd5 Qe7 23.Rdf1 Rd7 24.Rxf7 Qxf7 25.Rxf7 Rxf7 26.h3 Re8 27.Qxd6 Rxe4
28.Qb8+ Kg7 29.Qxa7 Re2 30.Qd4+ Kf8 31.c4 Rff2 32.Qh8+ Kf7 33.Qxh7+ Kf6 34.Qxb7 Rxb2
35.Qc6+ Kg5 36.a4 Rf1+ 37.Kh2 Ra1 38.h4+ Kh6 39.Qf6  1-0

[Event "EU-ch U20 Girls"]
[Site "Patras"]
[Date "1999.10.05"]
[Round "1"]
[White "Rezek, Anet"]
[Black "Zozulia, Anna"]
[Result "0-1"]
[WhiteElo "2105"]
[BlackElo "2353"]

1.e4 c5 2.Nf3 Nc6 3.Nc3 d6 4.d4 cxd4 5.Nxd4 Nf6 6.Be3 e5 7.Nf3 Be7 8.h3 O-O
9.Bc4 Be6 10.Bb3 Rc8 11.O-O h6 12.Qe2 a6 13.Rfd1 Qc7 14.Nd5 Bxd5 15.exd5 Na5
16.Rac1 b5 17.c3 Qb7 18.Qd2 Ne4 19.Qc2 Nxb3 20.Qxb3 Rc4 21.Ne1 f5 22.f3 f4
23.Bf2 Nxf2 24.Kxf2 Qb6+ 25.Kf1 Bh4 26.Qc2 b4 27.Qe2 Rfc8 28.Nd3 bxc3 29.bxc3 Rxc3
30.Rb1 Qa7 31.Nb4 Re3 32.Qxa6 Re1+  0-1

[Event "Budapest FS10 GM"]
[Site "Budapest"]
[Date "1999.10.06"]
[Round "5"]
[White "Fogarasi, Tibor"]
[Black "Vaulin, Alexander"]
[Result "1/2-1/2"]
[WhiteElo "2420"]
[BlackElo "2492"]

1.e4 c5 2.Nc3 Nc6 3.Nf3 e5 4.Bc4 Be7 5.d3 Nf6 6.Nd2 O-O 7.Nf1 Ne8 8.Ne3 Bg5
9.O-O d6 10.Ned5 Bxc1 11.Rxc1 Be6 12.a3 a6 13.a4 Rb8 14.Ne3 Nc7 15.Ncd5 Bxd5
16.Bxd5  1/2-1/2

[Event "SLO-ch"]
[Site "Kranj"]
[Date "1999.10.06"]
[Round "5"]
[White "Basagic, Zlatko"]
[Black "Podlesnik, Bogdan"]
[Result "1/2-1/2"]
[WhiteElo "2323"]
[BlackElo "2403"]

1.e4 c5 2.Nf3 Nc6 3.Nc3 g6 4.d4 cxd4 5.Nxd4 Bg7 6.Nb3 Nf6 7.Be2 O-O 8.O-O b6
9.f4 Bb7 10.Bf3 e5 11.Rf2 exf4 12.Bxf4 Ne8 13.e5 Nc7 14.Rd2 Ne6 15.Rxd7 Qc8
16.Bg3 Ng5 17.Nd5 Nxf3+ 18.gxf3 Rd8 19.Rc7 Qe6 20.c4 Rab8 21.f4 Kh8 22.Bh4 Rdc8
23.Rxc8+ Rxc8 24.Qe2 h6 25.Bg3 Ne7 26.Ne3 Nf5 27.Nxf5 Qxf5 28.Rd1 Bf8 29.Nd4 Qh3
30.e6 Re8 31.Rd2 fxe6 32.Nb3 Bg7 33.Rd7 Ba8 34.Nd4 h5 35.f5 gxf5 36.Be5 Rg8
37.Rxg7 Rxg7+ 38.Bxg7+ Kxg7 39.Nxe6+ Kf6 40.Nf4 Qg4+ 41.Qxg4 hxg4 42.Kf2 a5
43.b3 Be4 44.a3 Ke5 45.Ke3 Bc2 46.b4 axb4  1/2-1/2

[Event "World Cities-ch 2nd"]
[Site "Shenyang"]
[Date "1999.10.07"]
[Round "6"]
[White "Yu Shaoteng"]
[Black "Relange, Eloi"]
[Result "0-1"]
[WhiteElo "2435"]
[BlackElo "2452"]

1.e4 c5 2.Nc3 Nc6 3.Nf3 d6 4.d4 cxd4 5.Nxd4 Nf6 6.Be2 e6 7.O-O Be7 8.Be3 a6
9.a4 O-O 10.f4 Qc7 11.Kh1 Re8 12.Bg1 Nxd4 13.Qxd4 e5 14.Qd3 exf4 15.Rxf4 Be6
16.Raf1 Nd7 17.Qg3 Ne5 18.Bd4 Bf8 19.Bd3 g6 20.Bxe5 dxe5 21.R4f3 Rad8 22.Nd1 Bg7
23.b3 Qc6 24.Nf2 Rd4 25.Nh3 f6 26.Nf2 Qd7 27.Nd1 Rd8 28.Ne3 Kh8 29.h3 Bg8
30.Ng4 f5 31.exf5 e4 32.Bxe4 Rxe4 33.f6 Be6 34.fxg7+ Qxg7 35.Re3 Rxe3 36.Nxe3 Qc3
37.Qf4 Re8 38.Rf3 Bd7 39.Nd5 Qe5 40.Qf6+ Qxf6 41.Nxf6 Re1+ 42.Kh2 Bc6 43.Rf2 Kg7
44.g4 h6 45.g5 Rh1+ 46.Kg3 Rg1+ 47.Kh2 Rxg5 48.Ng4 h5 49.Ne3 Re5 50.Nc4 Re1
51.h4 Re4 52.Kg3 Bd5 53.Nd6 Rg4+ 54.Kh3 Bc6 55.Rf7+ Kg8 56.Rc7 Rb4 57.Nc8  0-1